| 000 | 00349 a2200109 4500 | ||
|---|---|---|---|
| 001 | ART_6690 | ||
| 005 | 20260410161826.0 | ||
| 008 | 260409a | ||
| 245 | 1 | 0 | _aUn modelo propuesto del comportamiento del consumidor de bienes durables |
| 100 | 1 | _aMorettini, Mariano | |
| 773 | 0 |
_tFACES _g- Año 12, Nº 27 (sep./dic. 2006) _wREV5046 |
|
| 999 |
_c22809 _d22809 |
||